000 00485nam a2200193Ia 4500
003 OSt
005 20260117110226.0
008 250729s1968 xx 000 0 und d
040 _cAL
041 _aeng
082 _a030 WBC
100 _aRobert O Zeleny William Nault
_9227758
245 _aThe world book encyclopedia vol-15(P)
260 _aChicago,London
_c1968
300 _a811p
650 _aEncyclopedia
_9227759
700 _aRao Digumurthi
_9227760
942 _2ddc
_cBED
999 _c237757
_d237757